000 00433nab a2200145Ia 4500
003 ES-SlBCS
005 20210601131725.0
008 140529s1951 xxu||||| |||| 00| 0 fre d
041 _afre
100 1 _aSavouillan, Charles
_9188326
245 0 0 _aRené Mayer devant la clase ouvrière
_c Charles Savouillan
600 1 4 _aMayer, René
_9188277
773 0 _tVie Intelectuelle (La)
_gnº. 12, 1951, págs. 102-104
_wRev907
942 _cAR
999 _c567686
_d567686